| 000 | 01316nam a22003377a 4500 | ||
|---|---|---|---|
| 003 | DO-SdBNP | ||
| 005 | 20221101141243.0 | ||
| 007 | ta | ||
| 008 | 110301s20202021dr d 000 0 spa d | ||
| 020 | _a9789945585582 (v. 1) | ||
| 020 | _a9789945585599 (v. 2) | ||
| 040 |
_aDO-SdBNP _bspa _cBNPHU |
||
| 082 | 4 |
_a346.0135 _bR426b |
|
| 100 | 1 |
_aPaulino, Pedro de Jesús _953018 _d1963- |
|
| 110 |
_aRepública Dominicana _bPoder Judicial _915992 |
||
| 245 | 1 | 0 |
_aBiblioteca básica : _bde la Jurisdicción de niños, niñas y adolescentes / _cVíctor José Castellanos...[et.al] ; colaboración Esther Martínez |
| 260 |
_aSanto Domingo : _bPoder Judicial, _c2021. |
||
| 300 |
_a2 v. : _bgraf. _c23 cm. |
||
| 500 | _aLa biblioteca posee la 1ra. reimpresión de noviembre 2021. | ||
| 500 | _aIncluye datos biográficos de los autores en la solapa de la portada. | ||
| 505 | 2 |
_av. 1 -- _tDerecho de familia / |
|
| 505 | 2 |
_av. 2 -- _tJusticia penal de la persona adolescente / |
|
| 590 | _aInventariado, 2022/ YL | ||
| 700 | 1 | 2 |
_aCastellanos, Víctor José _982636 |
| 700 | 1 | 2 |
_aDuarte Mena, Mirta Felicia _982637 |
| 700 | 1 | 2 |
_aPérez Lora, Francisco Antonio _979180 |
| 700 | 1 | 2 |
_aSabino Ramos, Juan de las Nieves _982638 |
| 700 | 1 | 2 |
_aMartínez, Esther _ecolab. _982639 |
| 910 | _aYLockward | ||
| 942 |
_2ddc _cLBS1 |
||
| 999 |
_c52713 _d52713 |
||